Lightning over the Treasury building; or, An exposé of our banking and currency monstrosity -- America's most reprehensible and un-American racket

Contents: The goldsmiths; The bank of Englanh; The house of rothschild; The bankers invade the colonies; A free nation in bonds...

Spremljeno u:
Bibliografski detalji
Glavni autor: Elsom, John R.
Format: Knjiga
Jezik:Undetermined
Izdano: Boston Meador publishing company 1941
Teme:
Oznake: Dodaj oznaku
Bez oznaka, Budi prvi tko označuje ovaj zapis!
Thư viện lưu trữ: Trung tâm Học liệu Trường Đại học Cần Thơ
LEADER 00784nam a2200205Ia 4500
001 CTU_186497
008 210402s9999 xx 000 0 und d
082 |a 332.10973 
082 |b E49 
100 |a Elsom, John R. 
245 0 |a Lightning over the Treasury building; or, An exposé of our banking and currency monstrosity -- America's most reprehensible and un-American racket 
245 0 |c John R Elsom 
260 |a Boston 
260 |b Meador publishing company 
260 |c 1941 
520 |a Contents: The goldsmiths; The bank of Englanh; The house of rothschild; The bankers invade the colonies; A free nation in bonds... 
650 |a Finance,Tài chính 
650 |z United States,Mỹ 
904 |i Giang 
980 |a Trung tâm Học liệu Trường Đại học Cần Thơ